Personnalités du Québec - Statistiques

Statistiques générales
  • Ce quiz a été pris 111 fois
  • Le résultat moyen est 12 sur 20
Statistiques - réponses
Indice Réponse % Correct
Fondateur d'une caisse populaire portant son nom Alphonse Desjardins
87%
Premier homme fort du Québec Louis Cyr
83%
Première femme Première ministre du Québec Pauline Marois
83%
Chef cuisiner ayant sa propre marque d'ustensiles Ricardo
82%
Joueur de hockey surnommé « Le Rocket » Maurice Richard
80%
Elle a notamment chanté les chansons: « Mentir », « C.O.B.R.A » et « Jamais trop tard » Marie-Mai
78%
Animateur de l'émission « Tout le monde en parle » Guy A. Lepage
74%
Joueur de football dans la NFL et médecin Laurent Duvernay-Tardif
70%
Premier ministre pendant la « Grande Noirceur » Maurice Duplessis
68%
Duo humoristique souvent vêtus de brun Denis Drolet
65%
Premier joueur de tennis né en 2000 à atteindre le top 100 mondial Félix Auger-Aliassime
61%
Acteur ayant joué dans « 19-2 », « Dans une galaxie près de chez vous » et « Annie et ses hommes » Claude Legault
55%
Ancien cycliste maintenant entrepreneur d'une compagnie portant son nom Louis Garneau
53%
Il a écrit la phrase suivante: « Ah ! comme la neige a neigé ! » Émile Nelligan
50%
Productrice, animatrice et femme d'affaire Julie Snyder
50%
Il a chanté « Les ailes d'un ange » Robert Charlebois
47%
Gardien de but détenant le record pour le nombre de victoires dans la LNH Martin Brodeur
46%
Seule femme à avoir joué dans la LNH Manon Rhéaume
39%
Premier colon français à s'être installé en Nouvelle-France Louis Hébert
29%
Artiste et auteur du manifeste « Le Refus Global » Paul-Émile Borduas
18%
Aucun quiz correspondant
Distribution des résultats
% des personnes avec chaque résultat
Percentile par nombre de réponses
Votre historique - résultats
Vous n’avez pas pris ce quiz